00695nam a22002057a 4500003000400000008004100004082001700045100002300062245011100085260006800196300001000264502001700274650001700291650001300308650001100321650001100332942001100343999001700354952011800371OSt260430b |||||||| |||| 00| 0 eng d a635.63bM29M aMandal, Gobardhan. aManifestation of Heterosis and Seasonal Adaptability in Cucumber (Cucumis sativus L.)cby Gobardhan Mandal a.- Sabour, Bhagalpurb: Bihar Agricultural College, RAUc, 1990 a137p. bPh. D.d1990 aHorticulture aCucumber aThesis aPh. D. 2ddccT c50316d50316 00102ddc4070aRAUbRAUd2026-04-30eby Authorg0.00l0o635.63 M29Mp42992-ULr2026-04-30w2026-04-30yTkGift